| 000 | 00533nam a2200193 a 4500 | ||
|---|---|---|---|
| 005 | 20140412111225.0 | ||
| 008 | 020410s19uu xx 00 eng d | ||
| 020 | _a0-87966-691-9 | ||
| 050 |
_aTR(GS 428.4 _bB57 1981 |
||
| 100 | _aBoning, Richard A. | ||
| 245 |
_aReading homonyms / : _cRichard A. Boning. _bB1 through B2 / |
||
| 260 |
_aNew York : _bBarnell Loft, Ltd, _c1981. |
||
| 300 | _a1 v. (unp.) | ||
| 440 | _aSupportive Reading Skills | ||
| 650 | _aHomonyms | ||
| 650 | _aReading | ||
| 999 |
_c102017 _d102017 |
||